000 00460cam a2200193ua 4500
001 3334
005 20260515113650.0
008 111017n ii |||gr||||Z||||||asm
040 _cMAIN
082 _a891.4513
100 _aChoudhuri, Medini,
245 1 1 _aBipanna somay
_cby Medini Choudhuri
250 _a1st.
260 _aNalbari:
_bJournal Emporium,996.
300 _a263p:
_c23cm.
653 _aAssamese novel
653 _aBipanna somay
942 _cBK
999 _c3177
_d3177